Soil erosion, conservation, and rehabilitation / (Record no. 11599)
[ view plain ]
| 000 -LEADER | |
|---|---|
| fixed length control field | 01309cam a2200313 a 4500 |
| 001 - CONTROL NUMBER | |
| control field | 3507276 |
| 005 - DATE AND TIME OF LATEST TRANSACTION | |
| control field | 20060728220312.0 |
| 008 - FIXED-LENGTH DATA ELEMENTS--GENERAL INFORMATION | |
| fixed length control field | 950824s1996 nyua b 001 0 eng |
| 010 ## - LIBRARY OF CONGRESS CONTROL NUMBER | |
| LC control number | 95040716 |
| 020 ## - INTERNATIONAL STANDARD BOOK NUMBER | |
| International Standard Book Number | 0824789849 (alk. paper) |
| 040 ## - CATALOGING SOURCE | |
| Original cataloging agency | DLC |
| Transcribing agency | DLC |
| Modifying agency | DLC |
| 050 00 - LIBRARY OF CONGRESS CALL NUMBER | |
| Classification number | S623 |
| Item number | .S5735 1996 |
| 082 00 - DEWEY DECIMAL CLASSIFICATION NUMBER | |
| Classification number | 631.45 |
| Edition number | 20 |
| Item number | SOI |
| 245 00 - TITLE STATEMENT | |
| Title | Soil erosion, conservation, and rehabilitation / |
| Statement of responsibility, etc | edited by Menachem Agassi. |
| 260 ## - PUBLICATION, DISTRIBUTION, ETC. (IMPRINT) | |
| Place of publication, distribution, etc | New York : |
| Name of publisher, distributor, etc | Marcel Dekker, |
| Date of publication, distribution, etc | c1996. |
| 300 ## - PHYSICAL DESCRIPTION | |
| Extent | 397 p. : |
| Other physical details | ill. ; |
| Dimensions | 24 cm. |
| 440 #0 - | |
| -- | Books in soils, plants, and the environment |
| -- | 5049 |
| 504 ## - BIBLIOGRAPHY, ETC. NOTE | |
| Bibliography, etc | Includes bibliographical references and index. |
| 650 #0 - SUBJECT ADDED ENTRY--TOPICAL TERM | |
| Topical term or geographic name as entry element | Soil erosion. |
| 9 (RLIN) | 5050 |
| 650 #0 - SUBJECT ADDED ENTRY--TOPICAL TERM | |
| Topical term or geographic name as entry element | Rain and rainfall. |
| 9 (RLIN) | 5051 |
| 650 #0 - SUBJECT ADDED ENTRY--TOPICAL TERM | |
| Topical term or geographic name as entry element | Runoff. |
| 9 (RLIN) | 5052 |
| 650 #0 - SUBJECT ADDED ENTRY--TOPICAL TERM | |
| Topical term or geographic name as entry element | Reclamation of land. |
| 9 (RLIN) | 5053 |
| 650 #0 - SUBJECT ADDED ENTRY--TOPICAL TERM | |
| Topical term or geographic name as entry element | Soil conservation. |
| 9 (RLIN) | 5054 |
| 700 1# - ADDED ENTRY--PERSONAL NAME | |
| Personal name | Agassi, Menachem, |
| Dates associated with a name | 1940- |
| 9 (RLIN) | 5055 |
| 856 42 - ELECTRONIC LOCATION AND ACCESS | |
| Materials specified | Publisher description |
| Uniform Resource Identifier | <a href="http://www.loc.gov/catdir/enhancements/fy0647/95040716-d.html">http://www.loc.gov/catdir/enhancements/fy0647/95040716-d.html</a> |
| 942 ## - ADDED ENTRY ELEMENTS (KOHA) | |
| Source of classification or shelving scheme | Dewey Decimal Classification |
| Item type | Book - Borrowing |
| Withdrawn status | Item status | Source of classification or shelving scheme | Damaged status | Not for loan | Vendor | Home library | Current library | Shelving location | Date acquired | Source of acquisition | Cost, normal purchase price | Serial Enumeration / chronology | Total Checkouts | Full call number | Barcode | Date last seen | Date last borrowed | Koha item type |
|---|---|---|---|---|---|---|---|---|---|---|---|---|---|---|---|---|---|---|
| Dewey Decimal Classification | Alahram | Central Library | Central Library | First floor | 24/05/2009 | 660.00 | 72 | 1 | 631.45 SOI | 000016212 | 15/07/2025 | 04/02/2013 | Book - Borrowing |